000 00701nam a2200241Ia 4500
003 OSt
005 20220928112110.0
006 a|||||r|||| 00| 0
007 ta
008 220927b |||||||| |||| 00| 0 eng d
024 _a69434
037 _cAnnuals, Advances
040 _aSDCL
_cSDCL
_beng
041 _2eng
_aeng
082 _aX:31.1'P, P5
100 _aMilanovic Branko
_9426332
245 0 _aWorld apart
_bMeasuring international and global inequality.
260 _aPrinceton
_bPrinceton University Press
_c2005
300 _aix,227p
_ccm.
650 _aIneqalities
_9426333
942 _hX:31.1'P, P5
_cREF
_2CC
999 _c743298
_d743298